Taylor Swift - Noms d'album dans les chansons - Statistiques

Statistiques générales
  • Ce quiz a été pris 131 fois
    45 depuis la dernière actualisation
  • Le résultat moyen est 13 sur 37
Statistiques - réponses
Albums Chansons % Correct
Fearless Fearless
95%
Lover Lover
91%
Red Red
91%
Speak Now Speak Now
91%
The Tortured Poets Department The Tortured Poets Department
91%
evermore evermore
86%
The Life of a Showgirl The Life of a Showgirl
82%
Taylor Swift Clara Bow
68%
Red End Game
59%
Reputation End Game
59%
Lover The Lucky One
55%
Reputation Delicate
50%
folklore gold rush
45%
Red Style
36%
Midnights Style
36%
Red All Too Well
32%
Taylor Swift 22
23%
Midnights New Year's Day
23%
Midnights Anti-hero
18%
Red Blank Space
14%
Lover Call It What You Want
14%
Red Daylight
14%
Red Is It Over Now?
14%
Red Look What You Made Me Do
14%
Red Now That We Don’t Talk
14%
Red The Moment I Knew
14%
Red I Did Something Bad
9%
evermore long story short
9%
Red Love Story
9%
Reputation Superman
9%
Fearless The Man
9%
Red Wildest Dreams
9%
Red New Romantics
5%
Red Nothing New
5%
Red Only The Young
5%
Red the lakes
5%
Red The Great War
0%
Aucun quiz correspondant
Distribution des résultats
% des personnes avec chaque résultat
Percentile par nombre de réponses
Votre historique - résultats
Vous n’avez pas pris ce quiz depuis la dernière actualisation